[Event "Caro-Kann, Can You? July 2012 30/1/45"]
[Site "SchemingMind.com"]
[Date "2012.07.21"]
[Round "-"]
[White "Phillip Beckett"]
[Black "krzysztof"]
[Result "0-1"]
[WhiteCountry "ENG"]
[BlackCountry "POL"]
[WhiteElo "1600"]
[WhiteRD "47"]
[BlackElo "1638"]
[BlackRD "80"]
[GameID "314791"]

1. e4 c6 2. d4 d5 3. Nc3 Nh6 4. exd5 cxd5 5. Nf3 e6 6. Bd3 Nf5 7. O-O Nh4 8. Nxh4 Qxh4 9. g3 Qf6 10. Be3 a6
11. Ne2 Bb4 12. c3 Bd6 13. Bf4 e5 14. dxe5 Bxe5 15. Bxe5 Qxe5 16. Nd4 O-O 17. Re1 Qd6 18. Nf5 Bxf5 19. Bxf5 Nc6 20. Qc2 Qf6
21. Bxh7+ Kh8 22. Bd3 Qf3 23. Qe2 Qf6 24. Qh5+ Qh6 25. Qxh6+ gxh6 26. Rad1 f5 27. Re6 Kg7 28. Rde1 Rf6 29. Rxf6 Kxf6 30. Bc2 Rg8
31. Re3 Ne5 32. f4 Nc4 33. Re1 h5 34. b3 Nd6 35. Re5 d4 36. cxd4 h4 37. Bd3 hxg3 38. hxg3 Rxg3+ 39. Kf2 Rxd3 40. d5 Ne4+
41. Ke2 Rc3 42. Re6+ Kf7 43. Rb6 Rc7 44. d6 Rd7 45. Ke3 Nxd6 46. Kd4 Nc8+ 47. Ke5 Nxb6
0-1

[Event "Caro-Kann, Can You? July 2012 30/1/45"]
[Site "SchemingMind.com"]
[Date "2012.07.21"]
[Round "-"]
[White "Phillip Beckett"]
[Black "ray winteringham"]
[Result "1-0"]
[WhiteCountry "ENG"]
[BlackCountry "ENG"]
[WhiteElo "1640"]
[WhiteRD "50"]
[BlackElo "1486"]
[BlackRD "49"]
[GameID "314792"]

1. e4 c6 2. d4 d5 3. Nc3 e6 4. exd5 cxd5 5. Bb5+ Bd7 6. Nf3 Bb4 7. Bxd7+ Nxd7 8. Bd2 Ngf6 9. a3 Bd6 10. O-O O-O
11. Nb5 Nb6 12. Nxd6 Qxd6 13. Ne5 Ne4 14. f3 Nf6 15. Bg5 Nfd7 16. Qd3 Nb8 17. Bh4 f6 18. Ng4 Nc4 19. Bg3 Qb6 20. b3 Nd6
21. Kh1 Nc6 22. Rae1 Rae8 23. Bxd6 Nxd4 24. Bxf8 Rxf8 25. Rd1 Nc6 26. Rfe1 Re8 27. Qe3 Qc7 28. Nf2 d4 29. Qe4 e5 30. f4 Re7
31. fxe5 Nxe5 32. Qxd4 Qxc2 33. Qd8+ Kf7 34. Qd5+ Kg6 35. Qe4+ Qxe4 36. Nxe4 a6 37. Ng3 Rc7 38. Re2 b5 39. h3 Rc3 40. Kh2 Rxb3
41. Rd6 Rxa3 42. Rxe5
1-0

[Event "Caro-Kann, Can You? July 2012 30/1/45"]
[Site "SchemingMind.com"]
[Date "2012.07.26"]
[Round "-"]
[White "Phillip Beckett"]
[Black "Iucounu"]
[Result "1-0"]
[WhiteCountry "ENG"]
[BlackCountry "ENG"]
[WhiteElo "1561"]
[WhiteRD "46"]
[BlackElo "1384"]
[BlackRD "49"]
[GameID "314793"]

1. e4 c6 2. d4 d5 3. Nc3 dxe4 4. Nxe4 Nf6 5. Ng3 Bg4 6. Be2 Bxe2 7. N1xe2 e6 8. c3 Bd6 9. O-O O-O 10. Bg5 h6
11. Be3 Nd5 12. Qd2 Nxe3 13. fxe3 Na6 14. e4 Bxg3 15. Nxg3 c5 16. Rad1 cxd4 17. Qxd4 Qxd4+ 18. Rxd4 Rfd8 19. Rfd1 Nc7 20. Rxd8+
1-0

[Event "Caro-Kann, Can You? July 2012 30/1/45"]
[Site "SchemingMind.com"]
[Date "2012.07.21"]
[Round "-"]
[White "Phillip Beckett"]
[Black "Pol MacGilla tSamhais"]
[Result "1-0"]
[WhiteCountry "ENG"]
[BlackCountry "IRL"]
[WhiteElo "1640"]
[WhiteRD "50"]
[BlackElo "1172"]
[BlackRD "95"]
[GameID "314794"]

1. e4 c6 2. d4 d5 3. Nc3 dxe4 4. Nxe4 Nd7 5. Nf3 e6 6. Bd3 Ngf6 7. Bg5 Be7 8. Nxf6+ gxf6 9. Be3 e5 10. dxe5 fxe5
11. Bf5 Bb4+ 12. c3 Be7 13. O-O f6 14. Qc2 Rg8 15. Rad1 Nb6 16. Rxd8+ Bxd8 17. Bxh7 Rh8 18. Qg6+ Kd7 19. Qg7+ Be7 20. Bf5+ Kc7
21. Qxe7+ Kb8 22. Qd6#
1-0

[Event "Caro-Kann, Can You? July 2012 30/1/45"]
[Site "SchemingMind.com"]
[Date "2012.07.23"]
[Round "-"]
[White "Phillip Beckett"]
[Black "James Reed"]
[Result "1/2-1/2"]
[WhiteCountry "ENG"]
[BlackCountry "ENG"]
[WhiteElo "1600"]
[WhiteRD "47"]
[BlackElo "1535"]
[BlackRD "70"]
[GameID "314795"]

1. e4 c6 2. d4 d5 3. Nc3 dxe4 4. Nxe4 Nd7 5. Nf3 Ngf6 6. Bd3 Nxe4 7. Bxe4 Nf6 8. Bd3 Bg4 9. c3 e6 10. O-O Be7
11. h3 Bxf3 12. Qxf3 h6 13. Bf4 O-O 14. Be5 Qd5 15. Qxd5 cxd5 16. Bxf6 Bxf6 17. f4 Rfe8 18. Rae1 Bh4 19. Re3 Be7 20. Rfe1 a6
21. g3 b5 22. R3e2 Bf6 23. f5 Ra7 24. fxe6 fxe6 25. Rxe6 Rxe6 26. Rxe6 Kf7 27. Re1 b4 28. Bf5 Re7 29. Rxe7+ Kxe7 30. Kf2 a5
31. Kf3 Kd6 32. h4 Ke7 33. Kg4 Kf7 34. Kf3 g6 35. Bc8 g5 36. hxg5 hxg5 37. g4=
1/2-1/2

[Event "Caro-Kann, Can You? July 2012 30/1/45"]
[Site "SchemingMind.com"]
[Date "2012.07.21"]
[Round "-"]
[White "cnile"]
[Black "Phillip Beckett"]
[Result "0-1"]
[WhiteCountry "SCO"]
[BlackCountry "ENG"]
[WhiteElo "1446"]
[WhiteRD "60"]
[BlackElo "1600"]
[BlackRD "47"]
[GameID "314796"]

1. e4 c6 2. d4 d5 3. exd5 cxd5 4. c4 e6 5. Nf3 Nf6 6. Bg5 Be7 7. Nc3 h6 8. Bh4 O-O 9. Bd3 dxc4 10. Bxc4 Nbd7
11. Bb3 Nb6 12. O-O Nfd5 13. Bxe7 Qxe7 14. Re1 Nxc3 15. bxc3 Bd7 16. d5 Rad8 17. d6 Qf6 18. Ne5 Bc6 19. Nxc6 bxc6 20. Rc1 Qf4
21. c4 c5 22. Qd3 Rxd6 23. Qe2 Rfd8 24. g3 Qd2 25. Qxd2 Rxd2 26. Kg2 a5 27. Rcd1 Rxd1 28. Rxd1 Rxd1 29. Bxd1 Nxc4 30. Bb3 Nb6
31. h4 c4 32. Bc2 Kf8 33. Kf3 Ke7 34. Ke3 Kd6 35. Kd4 e5+ 36. Kc3 Kc5
0-1

[Event "Caro-Kann, Can You? July 2012 30/1/45"]
[Site "SchemingMind.com"]
[Date "2012.07.24"]
[Round "-"]
[White "The Stonewall"]
[Black "Phillip Beckett"]
[Result "1-0"]
[WhiteCountry "ENG"]
[BlackCountry "ENG"]
[WhiteElo "2293"]
[WhiteRD "85"]
[BlackElo "1600"]
[BlackRD "47"]
[GameID "314797"]

1. e4 c6 2. d4 d5 3. f3 dxe4 4. fxe4 Nf6 5. e5 Nd5 6. c4 Nb6 7. Nc3 Bf5 8. Bd3 Bxd3 9. Qxd3 e6 10. Nf3 Be7
11. O-O O-O 12. Be3 Na6 13. Rad1 Nb4 14. Qe2 a5 15. a3 Na6 16. Nd2 Nd7 17. Qg4 g6 18. Bh6 Re8 19. Qf4 f5 20. exf6 Nxf6
21. Nde4 Nxe4 22. Qf7+ Kh8 23. Qg7#
1-0

[Event "Caro-Kann, Can You? July 2012 30/1/45"]
[Site "SchemingMind.com"]
[Date "2012.07.22"]
[Round "-"]
[White "macBruck"]
[Black "Phillip Beckett"]
[Result "1-0"]
[WhiteCountry "AUS"]
[BlackCountry "ENG"]
[WhiteElo "1577"]
[WhiteRD "73"]
[BlackElo "1600"]
[BlackRD "47"]
[GameID "314798"]

1. e4 c6 2. d4 d5 3. Nc3 dxe4 4. Nxe4 Nd7 5. Bf4 Ngf6 6. Qd3 Nxe4 7. Qxe4 Nf6 8. Qd3 Nd5 9. Qd2 Nxf4 10. Qxf4 Qa5+
11. c3 Qf5 12. Qxf5 Bxf5 13. Nf3 O-O-O 14. Bc4 e6 15. Ne5 Bg6 16. O-O Bd6 17. Rfe1 Bxe5 18. Rxe5 Rd6 19. b4 Rhd8 20. Rd1 Bc2
21. Rd2 Bg6 22. Bd3 Bxd3 23. Rxd3 Rd5 24. f4 Rxe5 25. fxe5 Rd5 26. Rf3 Rd7 27. Kf2 Kc7 28. Ke3 Kb6 29. a4 a5 30. Rf2 axb4
31. cxb4 Kc7 32. Rc2 Rd8 33. b5 Ra8 34. Rc4 Kb6 35. Rc5 cxb5 36. Rxb5+ Kc6 37. Rb4 Ra6 38. Ke4 Rb6 39. Rxb6+ Kxb6 40. d5 exd5+
41. Kxd5 Ka5 42. Kd6 Kxa4 43. Ke7 b5 44. Kxf7 b4 45. e6 b3 46. e7 b2 47. e8=Q+ Ka3 48. Qa8+ Kb3 49. Qb7+ Ka2 50. Qxb2+ Kxb2
51. Kxg7 Kc2 52. Kxh7 Kd2 53. Kg6 Ke2 54. h4
1-0

[Event "Caro-Kann, Can You? July 2012 30/1/45"]
[Site "SchemingMind.com"]
[Date "2012.07.21"]
[Round "-"]
[White "krzysztof"]
[Black "Phillip Beckett"]
[Result "1-0"]
[WhiteCountry "POL"]
[BlackCountry "ENG"]
[WhiteElo "1638"]
[WhiteRD "80"]
[BlackElo "1600"]
[BlackRD "47"]
[GameID "314799"]

1. e4 c6 2. d4 d5 3. Nc3 dxe4 4. Nxe4 Nd7 5. Bc4 Ngf6 6. Ng5 e6 7. N1f3 Be7 8. Qd3 O-O 9. Bf4 Nb6 10. Be5 Nxc4
11. Qxc4 h6 12. Nh3 Qd5 13. Qxd5 exd5 14. Nf4 Bg4 15. h3 Bxf3 16. gxf3 Nd7 17. O-O-O Rfe8 18. Nd3 Nxe5 19. dxe5 f6 20. e6 Bd6
21. Rde1 Re7 22. f4 f5 23. Re2 Rae8 24. Rhe1 g6 25. b4 Kg7 26. a4 Kf6 27. c4 Rxe6 28. Rxe6+ Rxe6 29. Rxe6+ Kxe6 30. c5 Bc7
31. Kc2 a5 32. Kb3 axb4 33. Kxb4 g5 34. fxg5 hxg5 35. Kb3 f4 36. f3 Kf5 37. Kc3 Ba5+ 38. Kb3 Bc7 39. Nf2 Ke5 40. Kc3 b6
41. Ng4+ Kf5 42. cxb6 Bxb6 43. Kb4 d4 44. Nf2 c5+ 45. Kb5 Ba7 46. a5 Ke5 47. Ka6 Bb8 48. Kb7 Bd6 49. a6 c4 50. a7
1-0

[Event "Caro-Kann, Can You? July 2012 30/1/45"]
[Site "SchemingMind.com"]
[Date "2012.07.21"]
[Round "-"]
[White "ray winteringham"]
[Black "Phillip Beckett"]
[Result "1-0"]
[WhiteCountry "ENG"]
[BlackCountry "ENG"]
[WhiteElo "1486"]
[WhiteRD "49"]
[BlackElo "1640"]
[BlackRD "50"]
[GameID "314800"]

1. e4 c6 2. d4 d5 3. e5 c5 4. c3 cxd4 5. cxd4 Bf5 6. Nc3 e6 7. Bb5+ Nc6 8. Qa4 Qb6 9. Nge2 a6 10. Bxc6+ Qxc6
11. Bd2 b5 12. Qd1 Bb4 13. a3 Ba5 14. b4 Bb6 15. h3 Ne7 16. O-O O-O 17. g4 Bg6 18. f4 f5 19. g5 h6 20. h4 hxg5
21. fxg5 Kf7 22. Ng3 Rh8 23. h5 Bh7 24. g6+ Bxg6 25. hxg6+ Nxg6 26. Qg4 Rh4 27. Rxf5+ Ke7 28. Qxg6 Rah8 29. Bg5+ Kd7 30. Rf7+ Kc8
31. Bxh4 Bxd4+ 32. Kh1 Rxh4+ 33. Kg2 Bxe5 34. Rf8+ Kb7 35. Rc1 d4+ 36. Nce4 Bxg3 37. Rxc6
1-0

[Event "Caro-Kann, Can You? July 2012 30/1/45"]
[Site "SchemingMind.com"]
[Date "2012.07.26"]
[Round "-"]
[White "Iucounu"]
[Black "Phillip Beckett"]
[Result "1-0"]
[WhiteCountry "ENG"]
[BlackCountry "ENG"]
[WhiteElo "1437"]
[WhiteRD "48"]
[BlackElo "1618"]
[BlackRD "48"]
[GameID "314801"]

1. e4 c6 2. d4 d5 3. exd5 cxd5 4. Bb5+ Bd7 5. Bxd7+ Qxd7 6. c3 Nc6 7. Qa4 e6 8. Bf4 Nf6 9. Nf3 Bd6 10. Bxd6 Qxd6
11. Qa3 Qxa3 12. Nxa3 O-O 13. O-O a6 14. b4 Na7 15. Ne5 Nc6 16. Nxc6 bxc6 17. Rab1 a5 18. b5 cxb5 19. Rxb5 Ne4 20. c4 dxc4
21. Nxc4 Rfb8 22. Rfb1 Rxb5 23. Rxb5 Nc3 24. Rxa5 Rxa5 25. Nxa5 Nxa2 26. Kf1 Nb4 27. Ke2 Kf8 28. Kd2 Na6 29. Kc3 Ke7 30. Nc6+ Kd7
31. Ne5+ Ke8 32. Kc4 Nc7 33. f4 f6 34. Nc6 Kd7 35. Nb4 Ne8 36. d5 exd5+ 37. Nxd5 Nd6+ 38. Kd4 Nf5+ 39. Ke4 Nd6+ 40. Kf3 Ke6
41. Ne3 Nf5 42. g4 Nxe3 43. Kxe3 Kd5 44. h4 Kc4 45. Ke4 g6 46. f5 Kc5 47. fxg6 hxg6 48. h5 f5+ 49. gxf5 gxh5 50. f6 Kd6
51. Kf5 Kd7 52. Kg6 Ke8 53. Kg7
1-0

[Event "Caro-Kann, Can You? July 2012 30/1/45"]
[Site "SchemingMind.com"]
[Date "2012.07.21"]
[Round "-"]
[White "Pol MacGilla tSamhais"]
[Black "Phillip Beckett"]
[Result "0-1"]
[WhiteCountry "IRL"]
[BlackCountry "ENG"]
[WhiteElo "1172"]
[WhiteRD "95"]
[BlackElo "1640"]
[BlackRD "50"]
[GameID "314802"]

1. e4 c6 2. d4 d5 3. e5 e6 4. Nf3 c5 5. c3 Nc6 6. c4 cxd4 7. cxd5 Qxd5 8. b3 Nxe5 9. Nxe5 Qxe5+ 10. Qe2 Bb4+
11. Bd2 Bxd2+ 12. Nxd2 Qf6 13. Rc1 Bd7 14. Rc7 Bc6 15. Qd3 Kd8 16. Qg3 e5 17. Rxc6 bxc6 18. Ba6 Ne7 19. O-O Nf5 20. Qd3 Re8
21. Ne4 Qg6 22. Nc5 Nh4 23. g3 Qxd3
0-1

[Event "Caro-Kann, Can You? July 2012 30/1/45"]
[Site "SchemingMind.com"]
[Date "2012.07.23"]
[Round "-"]
[White "James Reed"]
[Black "Phillip Beckett"]
[Result "0-1"]
[WhiteCountry "ENG"]
[BlackCountry "ENG"]
[WhiteElo "1598"]
[WhiteRD "57"]
[BlackElo "1561"]
[BlackRD "46"]
[GameID "314803"]

1. e4 c6 2. d4 d5 3. exd5 Qxd5 4. Nc3 Qa5 5. Nf3 Nf6 6. Bc4 e6 7. Bd2 Bb4 8. h3 Nbd7 9. O-O O-O 10. Re1 c5
11. a3 Bxc3 12. Bxc3 Qc7 13. Qd2 cxd4 14. Bb4 Rd8 15. Bb3 Nc5 16. Bxc5 Qxc5 17. Qd3 b6 18. Rad1 Bb7 19. Qc4 Qxc4 20. Bxc4 Rac8
21. b3 Bd5 22. Bxd5 Rxd5 23. Nxd4 Kf8 24. c4 Rdd8 25. Nb5 a6 26. Nd4 Ke7 27. Nf5+ Kf8 28. Ne3 Ke8 29. a4 Rxd1 30. Rxd1 Rd8
31. b4 Rxd1+ 32. Nxd1 Ne4 33. a5 bxa5 34. bxa5 Nd2 35. c5 Nb3 36. c6 Nxa5 37. c7 Kd7 38. Ne3 Kxc7 39. Kf1 Nb3 40. Nc4 Nc5
41. f3 Kc6 42. Ne5+ Kd5 43. Nxf7 a5 44. Ke2 a4 45. Kd2 a3 46. Kc2 Kc4 47. Kb1 Kb3 48. Ne5 a2+ 49. Ka1 Ka3 50. Nc4+ Kb4
51. Nb2 Kb3 52. g3 e5 53. h4 e4 54. fxe4 Nxe4 55. g4 Nd2 56. Nd1 Nc4 57. Nf2 Ne3 58. g5 Nc2#
0-1

[Event "Caro-Kann, Can You? July 2012 30/1/45"]
[Site "SchemingMind.com"]
[Date "2012.07.26"]
[Round "-"]
[White "Massey Ferguson"]
[Black "cnile"]
[Result "1-0"]
[WhiteCountry "ENG"]
[BlackCountry "SCO"]
[WhiteElo "2024"]
[WhiteRD "84"]
[BlackElo "1447"]
[BlackRD "58"]
[GameID "314836"]

1. e4 c6 2. d4 d5 3. Nc3 dxe4 4. Nxe4 Bf5 5. Ng3 Bg6 6. Nf3 h6 7. Bd3 Bxd3 8. Qxd3 Nf6 9. O-O e6 10. Re1 Nbd7
11. Qe2 Nb6 12. c3 Bd6 13. Nf5 Qc7 14. c4 O-O 15. Nxd6 c5 16. Nb5 Qe7 17. dxc5 Qxc5 18. Be3 Qe7 19. Bxb6 axb6 20. Red1 Rfd8
21. Rxd8+ Rxd8 22. Nc3 Qb4 23. Rd1 Rc8 24. Ne5 Qc5 25. h3 Qb4 26. a3
1-0

[Event "Caro-Kann, Can You? July 2012 30/1/45"]
[Site "SchemingMind.com"]
[Date "2012.07.26"]
[Round "-"]
[White "Massey Ferguson"]
[Black "The Stonewall"]
[Result "0-1"]
[WhiteCountry "ENG"]
[BlackCountry "ENG"]
[WhiteElo "2024"]
[WhiteRD "87"]
[BlackElo "2292"]
[BlackRD "88"]
[GameID "314837"]

1. e4 c6 2. d4 d5 3. Nc3 dxe4 4. Nxe4 Nf6 5. Nxf6+ gxf6 6. Bc4 Bf5 7. Bf4 Nd7 8. Nf3 Nb6 9. Bb3 Nd5 10. Bg3 Qa5+
11. Qd2 Qxd2+ 12. Nxd2 Bh6 13. O-O-O Nf4 14. Bxf4 Bxf4 15. Kb1 O-O-O 16. Bxf7 Rxd4 17. Nb3 Rxd1+ 18. Rxd1 Bc7 19. Bc4 Rd8 20. Rxd8+ Kxd8
21. Kc1 Bxh2 22. Nd4 Bc8 23. Kd2 Bf4+ 24. Kd3 Bc1 25. Kc3 e5 26. Ne2 Bg5 27. Ng3 h6 28. Bd3 Bh4 29. Nh1 f5 30. f3 Be1+
31. Kb3 Be6+ 32. Ka3 Ke7 33. b3 Kf6 34. Kb2 Kg5 35. Kc1 Kf4 36. Kd1 Bc3 37. a4 h5
0-1

[Event "Caro-Kann, Can You? July 2012 30/1/45"]
[Site "SchemingMind.com"]
[Date "2012.07.26"]
[Round "-"]
[White "Massey Ferguson"]
[Black "Phillip Beckett"]
[Result "1-0"]
[WhiteCountry "ENG"]
[BlackCountry "ENG"]
[WhiteElo "2024"]
[WhiteRD "84"]
[BlackElo "1561"]
[BlackRD "46"]
[GameID "314838"]

1. e4 c6 2. d4 d5 3. Nc3 dxe4 4. Nxe4 Nd7 5. Ng5 Ngf6 6. Bd3 e6 7. N1f3 h6 8. Ne4 Be7 9. Be3 Nd5 10. Bd2 O-O
11. O-O N7f6 12. c4 Nb6 13. c5 Nbd5 14. Ne5 Nd7 15. Rc1 Nxe5 16. dxe5 f5 17. Nd6 b6 18. b4 a5 19. a3 axb4 20. axb4 bxc5
21. bxc5 Ra2 22. Bc4 Ba6 23. Bxa2 Bxf1 24. Kxf1 Qa8 25. Ra1 Qd8 26. Ba5 Qxa5 27. Bxd5
1-0

[Event "Caro-Kann, Can You? July 2012 30/1/45"]
[Site "SchemingMind.com"]
[Date "2012.07.26"]
[Round "-"]
[White "Massey Ferguson"]
[Black "macBruck"]
[Result "1-0"]
[WhiteCountry "ENG"]
[BlackCountry "AUS"]
[WhiteElo "2024"]
[WhiteRD "87"]
[BlackElo "1518"]
[BlackRD "74"]
[GameID "314839"]

1. e4 c6 2. d4 d5 3. Nc3 e6 4. Bd3 c5 5. exd5 exd5 6. dxc5 Nf6 7. Bg5 Be7 8. Bb5+ Kf8 9. Nf3 a6 10. Be2 Nc6
11. O-O Bf5 12. a3 d4 13. Nb1 Bxc5 14. Bd3 Bxd3 15. Qxd3 Qd6 16. Nbd2 Ne5 17. Nxe5 Qxe5 18. Bxf6 Qxf6 19. Ne4 Qc6 20. Nxc5 Qxc5
21. Rfe1 Re8 22. Rxe8+ Kxe8 23. Rd1 Kd7 24. Qe4 Qc6 25. Rxd4+ Kc7 26. Rc4 Qxc4 27. Qxc4+ Kb8 28. Qxf7 Rd8 29. Kf1 Rd1+ 30. Ke2 Rh1
31. Qxg7 Rc1 32. Qxh7 Ka7 33. Qe4 a5 34. Qe3+ Ka6 35. Qxc1 a4 36. h4 b5 37. h5 b4 38. axb4 Kb5 39. h6 a3 40. bxa3 Kb6
41. h7 Kb5 42. g4 Ka4 43. g5 Kb5 44. g6
1-0

[Event "Caro-Kann, Can You? July 2012 30/1/45"]
[Site "SchemingMind.com"]
[Date "2012.07.26"]
[Round "-"]
[White "Massey Ferguson"]
[Black "krzysztof"]
[Result "1-0"]
[WhiteCountry "ENG"]
[BlackCountry "POL"]
[WhiteElo "2024"]
[WhiteRD "84"]
[BlackElo "1624"]
[BlackRD "77"]
[GameID "314840"]

1. e4 c6 2. d4 d5 3. Nc3 e6 4. Nf3 dxe4 5. Nxe4 h6 6. Bd3 Nf6 7. c3 Nbd7 8. Qc2 Nxe4 9. Bxe4 Nf6 10. Bd3 Qa5
11. Bf4 Qh5 12. Be2 Qd5 13. O-O Be7 14. c4 Qd7 15. Rad1 Nh5 16. Ne5 Qd8 17. Bxh5 O-O 18. Be2 f6 19. Ng6 Rf7 20. Bh5 f5
21. Nxe7+ Rxe7 22. Be5 Bd7 23. Bd6 g6 24. Bxe7 Qxe7 25. Be2 Qf6 26. Qb3 Rf8 27. Qxb7 Rd8 28. Qxa7 g5 29. a4 g4 30. a5 h5
31. a6 Bc8 32. Qb6 Bxa6 33. Qxa6 f4 34. Qxc6 Qg5 35. Qxe6+ Kh8 36. Qe5+ Qxe5 37. dxe5 Re8 38. Rd5 f3 39. gxf3 gxf3 40. Bxf3
1-0

[Event "Caro-Kann, Can You? July 2012 30/1/45"]
[Site "SchemingMind.com"]
[Date "2012.07.26"]
[Round "-"]
[White "Massey Ferguson"]
[Black "ray winteringham"]
[Result "1-0"]
[WhiteCountry "ENG"]
[BlackCountry "ENG"]
[WhiteElo "2000"]
[WhiteRD "85"]
[BlackElo "1510"]
[BlackRD "50"]
[GameID "314841"]

1. e4 c6 2. d4 d5 3. Nc3 e6 4. Bd3 b5 5. Nf3 a6 6. O-O f5 7. exf5 exf5 8. Re1+ Be7 9. Nh4 g6 10. Bg5 Qd6
11. Qe2 Nf6 12. Qxe7+ Qxe7 13. Bxf6 Qxe1+ 14. Rxe1+
1-0

[Event "Caro-Kann, Can You? July 2012 30/1/45"]
[Site "SchemingMind.com"]
[Date "2012.07.26"]
[Round "-"]
[White "Massey Ferguson"]
[Black "Iucounu"]
[Result "1-0"]
[WhiteCountry "ENG"]
[BlackCountry "ENG"]
[WhiteElo "2024"]
[WhiteRD "87"]
[BlackElo "1437"]
[BlackRD "48"]
[GameID "314842"]

1. e4 c6 2. d4 d5 3. Nc3 dxe4 4. Nxe4 Nf6 5. Nxf6+ exf6 6. c3 Qe7+ 7. Be3 Bf5 8. Bd3 Bxd3 9. Qxd3 Nd7 10. Nf3 b6
11. O-O Rd8 12. Rfe1 Ne5 13. Nxe5 fxe5 14. Bf4 exf4 15. Rxe7+ Bxe7 16. Re1 Rd7 17. Qe4 O-O 18. Qxc6 Rfd8 19. Qe4 Bg5 20. Qe8+ Rxe8
21. Rxe8#
1-0

[Event "Caro-Kann, Can You? July 2012 30/1/45"]
[Site "SchemingMind.com"]
[Date "2012.07.26"]
[Round "-"]
[White "Massey Ferguson"]
[Black "Pol MacGilla tSamhais"]
[Result "1-0"]
[WhiteCountry "ENG"]
[BlackCountry "IRL"]
[WhiteElo "2024"]
[WhiteRD "87"]
[BlackElo "1155"]
[BlackRD "91"]
[GameID "314843"]

1. e4 c6 2. d4 d5 3. Nc3 dxe4 4. Nxe4 Nd7 5. Ng5 Ngf6 6. N1f3 h6 7. Nh3 Nb6 8. Nf4 g5 9. Ne2 Bg7 10. Ne5 Bg4
11. Qd3 Be6 12. Be3 Nfd5 13. Bd2 Nb4 14. Bxb4 O-O 15. Ba5 Qd5 16. Bxb6 axb6 17. Nc3 Qa5 18. Qe3 c5 19. dxc5 bxc5 20. Nc4 Qd8
21. Rd1 Qc7 22. Bd3 Rfd8 23. O-O b5 24. Nxb5 Qc6 25. Nc3 Bd5 26. Nxd5 Qxd5 27. Bh7+ Kxh7 28. Rxd5 Rxd5 29. Qe4+ Kg8 30. Qxd5
1-0

[Event "Caro-Kann, Can You? July 2012 30/1/45"]
[Site "SchemingMind.com"]
[Date "2012.07.26"]
[Round "-"]
[White "Massey Ferguson"]
[Black "James Reed"]
[Result "1-0"]
[WhiteCountry "ENG"]
[BlackCountry "ENG"]
[WhiteElo "2029"]
[WhiteRD "92"]
[BlackElo "1562"]
[BlackRD "60"]
[GameID "314844"]

1. e4 c6 2. d4 d5 3. Nc3 dxe4 4. Nxe4 Nd7 5. Qe2 Ndf6 6. Nf3 Nxe4 7. Qxe4 Nf6 8. Qd3 Bg4 9. Be2 e6 10. O-O h6
11. c4 Bd6 12. Be3 Qd7 13. c5 Bf5 14. Qd1 Bc7 15. Nd2 O-O 16. Bc4 Rfe8 17. a4 a6 18. b4 Ng4 19. Nf3 Be4 20. h3 Nxe3
21. fxe3 Bxf3 22. Qxf3 a5 23. b5 f6 24. Rad1 Rab8 25. Qg4 f5 26. Rxf5 Kh8 27. Rff1 Bd8 28. Rb1 Bg5 29. Rbe1 Qe7 30. Bd3 e5
31. Bg6 Qe6 32. Bxe8 Rxe8 33. Qxe6 Rxe6 34. dxe5 Rxe5 35. bxc6 bxc6 36. e4 Rxc5 37. e5 Rd5 38. e6 Rd8 39. e7 Re8 40. Rf8+
1-0

[Event "Caro-Kann, Can You? July 2012 30/1/45"]
[Site "SchemingMind.com"]
[Date "2012.07.24"]
[Round "-"]
[White "cnile"]
[Black "Massey Ferguson"]
[Result "0-1"]
[WhiteCountry "SCO"]
[BlackCountry "ENG"]
[WhiteElo "1447"]
[WhiteRD "58"]
[BlackElo "2024"]
[BlackRD "84"]
[GameID "314845"]

1. e4 c6 2. d4 d5 3. exd5 cxd5 4. c4 Nf6 5. Nc3 Nc6 6. Nf3 Bg4 7. Be2 dxc4 8. h3 Bxf3 9. Bxf3 Qb6 10. Rb1 e6
11. O-O Be7 12. Be3 Qd8 13. a3 O-O 14. Qd2 Nd5 15. Rfc1 Nxe3 16. Qxe3 Bg5 17. Qe2 Bxc1 18. Rxc1 Nxd4 19. Qe4 Nxf3+ 20. Qxf3 Qd2
21. Rd1 Qxb2 22. Ne4 Rad8 23. Rxd8 Rxd8 24. Qg3 Qb1+ 25. Kh2 Qxe4
0-1

[Event "Caro-Kann, Can You? July 2012 30/1/45"]
[Site "SchemingMind.com"]
[Date "2012.07.26"]
[Round "-"]
[White "The Stonewall"]
[Black "Massey Ferguson"]
[Result "1-0"]
[WhiteCountry "ENG"]
[BlackCountry "ENG"]
[WhiteElo "2265"]
[WhiteRD "86"]
[BlackElo "2024"]
[BlackRD "84"]
[GameID "314846"]

1. e4 c6 2. d4 d5 3. exd5 cxd5 4. Bd3 Nc6 5. c3 Nf6 6. Bf4 Bg4 7. Qb3 Qc8 8. Nd2 e6 9. Ngf3 Be7 10. O-O O-O
11. Ne5 Bh5 12. Rae1 Nxe5 13. Bxe5 Qc6 14. h3 a6 15. f4 Nd7 16. g4 Nxe5 17. Rxe5 Bg6 18. f5 Bd6 19. fxg6 Bxe5 20. gxh7+ Kh8
21. dxe5 Qc5+ 22. Kg2 Qe3 23. Qc2 Qxe5 24. Nf3 Qc7 25. Qe2 Rae8 26. Ne5 b5 27. g5 Rd8 28. Rxf7
1-0

[Event "Caro-Kann, Can You? July 2012 30/1/45"]
[Site "SchemingMind.com"]
[Date "2012.07.26"]
[Round "-"]
[White "Phillip Beckett"]
[Black "Massey Ferguson"]
[Result "0-1"]
[WhiteCountry "ENG"]
[BlackCountry "ENG"]
[WhiteElo "1600"]
[WhiteRD "47"]
[BlackElo "2000"]
[BlackRD "85"]
[GameID "314847"]

1. e4 c6 2. d4 d5 3. Nc3 dxe4 4. Nxe4 Bf5 5. Ng3 Bg6 6. Nf3 Nf6 7. c3 Nbd7 8. Bd3 Bxd3 9. Qxd3 e6 10. Bg5 Qb6
11. Qc2 Bd6 12. O-O h6 13. Be3 Ng4 14. h3 Nxe3 15. fxe3 Bxg3 16. e4 Bc7 17. e5 Nxe5 18. Nxe5 Bxe5
0-1

[Event "Caro-Kann, Can You? July 2012 30/1/45"]
[Site "SchemingMind.com"]
[Date "2012.07.26"]
[Round "-"]
[White "macBruck"]
[Black "Massey Ferguson"]
[Result "0-1"]
[WhiteCountry "AUS"]
[BlackCountry "ENG"]
[WhiteElo "1554"]
[WhiteRD "77"]
[BlackElo "2024"]
[BlackRD "84"]
[GameID "314848"]

1. e4 c6 2. d4 d5 3. Nc3 dxe4 4. Nxe4 Bf5 5. f3 Nd7 6. Bd3 e6 7. g3 Qb6 8. Bc4 Ngf6 9. Nxf6+ Nxf6 10. b3 Bb4+
11. Bd2 Qa5 12. Ne2 b5 13. Bd3 Bxd3 14. cxd3 Bxd2+ 15. Qxd2 Qxd2+ 16. Kf2 O-O 17. Rhd1 Qa5 18. a3 Qb6 19. Kg2 Nd5 20. Kh3 f5
21. f4 Rf6 22. b4 Rh6+ 23. Kg2 Ne3+ 24. Kf3 Nxd1 25. Rxd1 Rxh2 26. Re1 Rxe2 27. Rxe2 Qxd4 28. Re3 Kf7 29. g4 fxg4+ 30. Ke2 Qb2+
31. Kd1 Qxa3 32. Kc2 Qxb4 33. Re4 Qxe4
0-1

[Event "Caro-Kann, Can You? July 2012 30/1/45"]
[Site "SchemingMind.com"]
[Date "2012.07.24"]
[Round "-"]
[White "krzysztof"]
[Black "Massey Ferguson"]
[Result "0-1"]
[WhiteCountry "POL"]
[BlackCountry "ENG"]
[WhiteElo "1624"]
[WhiteRD "77"]
[BlackElo "2024"]
[BlackRD "84"]
[GameID "314849"]

1. e4 c6 2. d4 d5 3. e5 Bf5 4. Nc3 e6 5. Nf3 Qb6 6. Na4 Qc7 7. Nh4 Ne7 8. Bg5 Nd7 9. g4 Bg6 10. Bh3 h6
11. Nxg6 Nxg6 12. Be3 Be7 13. f4 Bh4+ 14. Kf1 O-O-O 15. f5 Ngf8 16. c3 f6 17. Qf3 fxe5 18. g5 Bxg5 19. Bxg5 hxg5 20. Ke2 exf5
21. Bxf5 exd4 22. Nc5 Kb8 23. Bxd7 Nxd7 24. Ne6 Rxh2+ 25. Kd3 Ne5+ 26. Kxd4 Nxf3+ 27. Kd3 Rd2+ 28. Ke3 Qb6+ 29. Kxf3 Qf2+ 30. Kg4 Qg2+
31. Kh5 Rh8+ 32. Kg6 Rxh1 33. Rxh1 Qxh1
0-1